the advanced five nights at Freddy's quiz - Statistics

General Stats
  • This quiz has been taken 436 times
  • The average score is 4 of 15
Answer Stats
Hint Answer % Correct
who is the only animatronic who can come from both sides in the first game? freddy
87%
who is the main antagonist in the third game? springtrap
69%
who do you hear singing in the first game? foxy
63%
what suit do people think the phone guy is stuffed into? chica
55%
who caused the bite of 87? mangle
55%
who always gets you when the power goes out in the first game? freddy fazbear
41%
what do you have to do to keep the marionette at bay? wind up the music box
16%
what do you see rarely after the puppet leaves his box in game two? an endoskeleton
6%
what causes static when it enters your office the mangle
4%
when chica enters the kitchen in game one, what do you hear? crashing
3%
what do you hear when freddy enters the kitchen in game one? his music box
2%
what do people think chica is doing when she is in the kitchen? searching for her cupcake
2%
what did the victim suffer from the bite of 87? the loss of the frontal lobe
1%
what do you see very rarely in the camera right next to your office in the third game? the marionette
1%
what happens if the puppet gets out of his box? you`re screwed
1%
No matching quizzes found
Score Distribution
Percent of People with Each Score
Percentile by Number Answered
Your Score History
You have not taken this quiz